000 00768nam a2200241Ia 4500
003 OSt
005 20221005133613.0
006 a|||||r|||| 00| 0
007 ta
008 221004b |||||||| |||| 00| 0 mal d
024 _a54002
037 _cTextual
040 _aCRL
_cCRL
_bmal
041 _2mal
_amal
082 _aO32vN5, 152K0
100 _aनायर, के. भास्करन, ले.
_9642590
245 0 _aमलयालम साहित्य का इतिहास
246 _aMalayālam sāhitya kā itihāsa
260 _c1960
650 _aमलयालम साहित्य
942 _hO32vN5, 152K0
_cTEXL
_2cc
999 _c1067326
_d1067326